| 000 | 00614 a2200253 4500 | ||
|---|---|---|---|
| 260 | _aParis | ||
| 630 | _a657 - Comptabilité | ||
| 037 | _b2, Achat | ||
| 650 | _a6 - SCIENCES APPLIQUEES | ||
| 100 | _aGonthier, Marcel | ||
| 260 | _bLes Editions Foucher | ||
| 245 | _aLa vie des sociétés : gestion et comptabilité : tome 2, corrigés | ||
| 300 | _a246 p. | ||
| 650 | _aComptabilité des sociétés | ||
| 650 | _aEntreprise : gestion | ||
| 260 | _c1993 | ||
| 300 | _b24cm | ||
| 100 | _lFr | ||
| 037 | _aDe 6807 | ||
| 037 | _aDe 6808 | ||
| 020 | _a2-216-00386-7 | ||
| 999 |
_c42098 _d42098 |
||